[Event "Liffre op"]
[Site "Liffre"]
[Date "2016.10.23"]
[Round "3"]
[White "Denizet, Briac"]
[Black "Francois, Adrien"]
[Result "0-1"]
[WhiteElo "1723"]
[BlackElo "1907"]
[PlyCount "70"]
[EventDate "2016.10.22"]
[EventType "swiss"]
[EventRounds "9"]
[EventCountry "FRA"]
[SourceTitle "CBM 175 Extra"]
[Source "ChessBase"]
[SourceDate "2016.12.12"]
[SourceVersion "1"]
[SourceVersionDate "2016.12.12"]
[SourceQuality "1"]

1. e4 c5 2. b3 Nc6 3. Bb2 d6 4. Bb5 Bd7 5. Nf3 a6 6. Bxc6 Bxc6 7. d3 Nf6 8. 0-0 g6 9. Nbd2 Bg7 10. Re1 0-0 11. a4 b5 12. axb5 axb5 13. Rxa8 Qxa8 14. c4 Qb7 15. Qc2 bxc4 16. bxc4 Ra8 17. Ra1 Rxa1+ 18. Bxa1 Nxe4 19. Bxg7 Nxd2 20. Nxd2 Kxg7 21. f3 Qb4 22. Kf2 f5 23. Ke3 e5 24. Qb3 Qxb3 25. Nxb3 g5 26. h3 h5 27. Nd2 Kf6 28. Nf1 Ke6 29. g3 f4+ 30. gxf4 exf4+ 31. Ke2 Kf5 32. Nh2 Ba4 33. Kd2 Ke5 34. Kc3 Bd7 35. h4 gxh4 0-1